000 00664nam a2200241Ia 4500
003 OSt
005 20230401122019.0
008 210423s2009 xx 000 0 und d
020 _a9780070621114
040 _cAL
041 _aeng
082 _a332.642 RAGV
100 _aRAGHUNATHAN (V);RAJIB (Prabina)
_981823
245 _aStock exchanges investments and derivatives
250 _a3
260 _aNew Delhi
_bTata McGrawhill
_c2009
300 _axxvii,440
_bPB
365 _b395
_cINR
650 _aFinancial Economics
_981824
650 _aInvestment Management
_981825
906 _aderivatives ; exchanges ; investments ; Stock
942 _2ddc
_cBK
999 _c157860
_d157860